LEADER 01099nam a2200241 u 4500 001 000000023095 003 CaOOAMICUS 005 20070226111211.0 008 950521s1974 it u000 u ita u 035 $a10579811 040 $aPUL(R)$bita 100 1 $aPintor, Sergio.$0(OLS)http://pul/name/19533 245 13$aLa trasmissione del messaggio cristiano nel quadro di una adeguata tipizzazione scolastica /$cSergio Pintor. 260 $aRoma :$bPontificia Universitą Lateranense,$c1974. 300 $a80 p. ;$c24 cm 500 $aSul front.: "Estratto di tesi per la laurea in teologia". 502 $aTesi -- P. Univ. Lateranense. 504 $aBibliografia: p. 71-77. 850 $aPUL 852 $aPUL$W1$xDP1 Tesi Pon Univ. Lateranense$y41$mTH PUL.THEOL 244$j32384$nBK-PRI$b $qTesi$B32384$CPULBib$Z2$F32384 $HPUL41616 $81 941 1 $a16 996 $6245$aLa trasmissione del messaggio cristiano nel quadro di una adeguata tipizzazione scolastica$9(OLS)http://pul/title/32174 996 $6260$aRoma :$bPontificia Universitą Lateranense$9(OLS)http://pul/publisher/47963 LEADER 01355nam a2200313 a 4500 001 000000134848 003 CaOOAMICUS 005 20130705105817.0 008 130705s2001 it u000 u ita r 020 $a88-7989-530-3 040 $aPUL$bita 100 1 $aStiglitz, Joseph E.$0(OLS)http://pul/name/76738 245 10$aIn un mondo imperfetto :$bstato, mercato e democrazia nell'era della globalizzazione /$cJoseph E. Stiglitz ; a cura di Laura Pennacchi . 260 $aRoma :$bDonzelli,$c©2001. 300 $aXXIV, 104 p. ;$c17 cm 490 1 $aSaggine ;$v50 504 $aBibliografia in nota. 650 4$aEconomia politica$ySec. XX.$0(OLS)http://pul/subject/19567 650 4$aGlobalizzazione (economia).$0(OLS)http://pul/subject/20545 700 1 $aPennacchi, Laura.$0(OLS)http://pul/name/86873 830 0$aSaggine ;$v50.$0(OLS)http://pul/title/47738 850 $aPUL 852 $aPUL$W1$xDP1 Fondo E. Rossi$y115$m1 S 131$j155117$qFondi$B154670$CPULBib$Z2$F154670 $82 941 1 $a1 961 $aSul dorso collocazione ms. di E. Rossi: S 55 2 4 996 $6020$a88-7989-530-3$9(OLS)http://pul/number/153231 996 $6245$aIn un mondo imperfetto :$bstato, mercato e democrazia nell'era della globalizzazione$9(OLS)http://pul/title/170530 996 $6260$aRoma :$bDonzelli$9(OLS)http://pul/publisher/60096